عرض عادي
عرض مارك
- الصراع السياسي
دخول Topical Term
001 - CONTROL NUMBER
- control field: 28250
003 - CONTROL NUMBER IDENTIFIER
- control field: AE-AdECS
005 - DATE AND TIME OF LATEST TRANSACTION
- control field: 20260402152545.0
008 - FIXED-LENGTH DATA ELEMENTS
- fixed length control field: 260402|| aca||aabn | a|a d
040 ## - CATALOGING SOURCE
- Original cataloging agency: AE-AdECS
- Transcribing agency: AE-AdECS
150 ## - HEADING--TOPICAL TERM
- Topical term or geographic name entry element: الصراع السياسي
- General subdivision: في مصر
670 ## - SOURCE DATA FOUND
- Source citation: Work cat.: (AE-AdECS)294645: الدوي، بلال مؤلف. 28246, العادلي والمشير /
